00530nam a2200181 a 45000010010000000030011000100080041000210350026000620820016000881000019001042450037001232600039001606500013001999420012002129520089002249980020003139990015003330000-8788ELIB.Books110520 1938  a(ELIB.Books)0000-8934 a200.1 bMoo aMoore, John M. aTheories of Religious Experience bNew York: Round table Press c1938 aReligion 2ddccBK 00102ddc4070aKBTSbKBTSd2011-05-20l0p197r2022-01-22 00:00:00w2022-01-22yBK cbate2011-05-20 c8788d8788